<Das> tschechische Recht der Rechnungslegung Deutsch-tschechische Textausgabe mit Einführung
Enregistré dans:
| Autres auteurs: | |
|---|---|
| Format: | Livre |
| Langue: | tchèque allemand |
| Publié: |
Praha
Trizonia
1994
|
| Édition: | 1. Aufl. |
| Sujets: | |
| Tags: |
Pas de tags, Soyez le premier à ajouter un tag!
|
MARC
| LEADER | 00000nam a2200000 4500 | ||
|---|---|---|---|
| 001 | c016715 | ||
| 005 | 20230112121032.5 | ||
| 020 | |a 80-85573-42-3 | ||
| 041 | 0 | |a cze | |
| 041 | 0 | |a ger | |
| 044 | |a CZ | ||
| 245 | 1 | 0 | |a <Das> tschechische Recht der Rechnungslegung |b Deutsch-tschechische Textausgabe mit Einführung |c [Z nem. prel.] Eugen Lenczowski |
| 250 | |a 1. Aufl. | ||
| 264 | 1 | |a Praha |b Trizonia |c 1994 | |
| 300 | |a 467 s. | ||
| 610 | 2 | 0 | |a právo |
| 610 | 2 | 0 | |a účtovníctvo |
| 610 | 2 | 0 | |a predpisy právne |
| 610 | 2 | 0 | |a normy právne |
| 610 | 2 | 0 | |a čeština |
| 610 | 2 | 0 | |a nemčina |
| 610 | 2 | 0 | |a terminológia |
| 700 | 1 | |a Lenczowski, Eugen | |